Statistics for Sea Of Thieves (Skulls & Chests)

Click here to take the quiz!

General Stats

  • This quiz has been taken 130 times
    (129 since last reset)
  • The average score is 7 of 15

Answer Stats

HintChest% Correct
Fills Your Tankard / Wibble Wobble LadsChest of a Thousand Grogs
66%
We Shall Sail TogetherChest of Legends
58%
Has Three Gems On The Front And A SkullCaptains Chest
54%
Worst Cursed SkullFoul Bounty Skull
53%
Espresso DepressoChest of Sorrow
52%
Synonym For Raider / Worth 300-520Marauders Chest
51%
Synonym For A Person Who Regularly Travels By SeaSeafarer's Chest
49%
Obtained From Skeleton ShipsSkeleton Captains Chest
47%
Obtained From FortsStronghold Chest
45%
Fully Gold And Broken skullVillainous Bounty Skull
45%
Last Tall Tale SkullGold Hoarders Skull
41%
Silver Cursed Skull / Worth 310-850Hateful Bounty Skull
40%
Pile Of ShitCastaways Chest
38%
Barnacle Infested skull With Gold TeethSkeleton Captains Skull
31%
Curses Who Looks InsideBox of Wondrous Secrets
10%

Score Distribution

Percentile by Number Answered

Percent of People with Each Score

Your Score History

You have not taken this quiz since the last reset